ბათუმის შოთა რუსთაველის სახელმწიფო უნივერსიტეტის ბიბლიოთეკა

წერითი მეტყველების განვითარება : (ბიბ.ჩანაწერი № 53283)

000 -ლიდერი
ფიქსირებული სიგრძის საკონტროლო ველი 01151nam a2200241Ia 4500
001 - საკონტროლო ნომერი
საკონტროლო ველი 20324
003 - საკონტროლო ნომრის იდენტიფიკატორი
საკონტროლო ველი GE_BSU
005 - ბოლო ოპერაციის თარიღი და დრო
საკონტროლო ველი 20200910190142.0
008 - ფიქსირებული სიგრძის მონაცემთა ელემენტები - ზოგადი ინფორმაცია
ფიქსირებული სიგრძის საკონტროლო ველი 181216s1960||||ge |||||||||||||| ||geo||
040 ## - კატალოგიზაციის წყარო
Transcribing agency GE_BSU
041 ## - ენის კოდი
Language code of text/sound track or separate title geo
080 ## - უნივერსალური ათობითი კლასიფიკაციის ინდექსი
Universal Decimal Classification number 811.353.1(072) + 37.016 ჯ-48
100 ## - მთავარი ჩანაწერი - პიროვნების სახელი
Personal name ჯინჯიხაძე, მ.
9 (RLIN) 9515
245 ## - ცნობა სათაურის შესახებ
Title წერითი მეტყველების განვითარება :
Remainder of title დამხმ. მეთოდ. სახელმძღვ. დაწყ. კლასების მასწავლებელთათვის /
Statement of responsibility, etc მ. ჯინჯიხაძე ; რედ. შ. ღლონტი.
264 ## - წარმოების, გამოცემის, დისტრიბუციის და სხვა ცნობები
გამოცემის, წარმოების, დისტრიბუციის... ადგილი სოხუმი :
გამოცემის, წარმოების, დისტრიბუციის... სახელწოდება აფხაზეთის სახელგამი,
გამოცემის, წარმოების, დისტრიბუციის... თარიღი 1960.
300 ## - ფიზიკური აღწერა
Extent 183 გვ. ;
Dimensions 23 სმ
504 ## - BIBLIOGRAPHY, ETC. NOTE
Bibliography, etc ბიბლიოგრ. : გვ. 178-179
653 ## - INDEX TERM--UNCONTROLLED
Uncontrolled term წერითი მეტყველება
653 ## - INDEX TERM--UNCONTROLLED
Uncontrolled term ქართული ენის სწავლების მეთოდიკა
700 ## - ADDED ENTRY--PERSONAL NAME
Personal name ღლონტი, შ.
Relator term რედაქტორი
9 (RLIN) 9516
942 ## - ADDED ENTRY ELEMENTS (KOHA)
Koha item type წიგნი
Source of classification or shelving scheme
ეგზემპლარები
ჩამოწერის სტატუსი დაკარგული ეგზემპლარის სტატუსი კლასიფიკაციის წყარო ან თაროზე გაწყობის სქემა დაზიანების სტატუსი არ გაიცემა მუდმივი მდებარეობა (დაცვის ადგილი) ამჟამინდელი ადგილსამყოფელი თაროზე განთავსების ადგილი შეძენის თარიღი ღირებულება, შესყიდვის ნორმალური ფასი სრული შენახვის შიფრი შტრიხკოდი ბოლო ოპერაციის თარიღი ეგზემპლარის მიმდევრობითი ნომერი (კეტერი?) ფასის ძალაში შესვლის თარიღი ეგზემპლარის სახეობა საჯარო შენიშვნა
          ბათუმის შოთა რუსთაველის სახელმწიფო უნივერსიტეტის მთავარი ბიბლიოთეკა ბათუმის შოთა რუსთაველის სახელმწიფო უნივერსიტეტის მთავარი ბიბლიოთეკა წიგნსაცავი 2018-12-17 0.90 811.353.1(072) + 37.016 ჯ-48 53118 2018-12-17 53118 2018-12-17 წიგნი 0.90 ლ.
          ბათუმის შოთა რუსთაველის სახელმწიფო უნივერსიტეტის მთავარი ბიბლიოთეკა ბათუმის შოთა რუსთაველის სახელმწიფო უნივერსიტეტის მთავარი ბიბლიოთეკა წიგნსაცავი 2018-12-17 0.80 811.353.1(072) + 37.016 ჯ-48 53119 2018-12-17 53119 2018-12-17 წიგნი 0.80 ლ.